| 000 | 01522nab a22002297a 4500 | ||
|---|---|---|---|
| 999 |
_c5519 _d5519 |
||
| 003 | OSt | ||
| 005 | 20251210160143.0 | ||
| 008 | 190604e xxu||||| |||| 00| 0 spa d | ||
| 040 | _cPJ | ||
| 100 |
_aDíaz, Ana Inés _96501 |
||
| 245 | 1 | 3 |
_aProcedimiento de Mediación Prejudicial en Materia de Salud (PROMESA) : _bdescripción normativa de un abordaje basado en el diálogo / _cAna Inés Díaz. |
| 260 |
_aCiudad Autónoma de Buenos Aires : _bThomson Reuters La Ley, _c2025. |
||
| 300 | _ap. 104-109 | ||
| 500 | _aCita Online: TR LALEY AR/DOC/2416/2025. | ||
| 505 | _aSumario: I. Encuadre normativo.— II. Contexto y fundamentación de la creación del PROMESA.— III. Principios y objetivos fundamentales del PROMESA.— IV. Ámbito de aplicación y restricciones.— V. Procedimiento de iniciación y desarrollo de la mediación.— VI. Participación del Estado nacional (Ministerio de Salud).— VII. Derivación judicial al PROMESA.— VIII. Remuneración de los mediadores.— IX. Formación y habilitación de mediadores en materia de salud.— X. Monitoreo y fiscalización del PROMESA.— XI. Consideraciones finales. | ||
| 505 | _t¿Te interesa el texto completo? Solicitalo al correo: koha@justierradelfuego.gov.ar | ||
| 650 | 0 |
_91253 _aDERECHO A LA SALUD |
|
| 650 | 0 |
_9269 _aMEDIACION |
|
| 650 | 0 |
_93273 _aMEDICINA PREPAGA |
|
| 773 | 0 |
_02714 _93171 _dCiudad Autónoma de Buenos Aires : Thomson Reuters La Ley, 2014- _tRevista anales de legislación argentina. Nº 10- Octubre 2025. |
|
| 942 |
_2udc _cANA |
||